[Event "Wch Seniors 15th"]
[Site "Lignano Sabbiadoro"]
[Date "2005.10.01"]
[Round "4"]
[White "Kummer, Heinz"]
[Black "Blaushtain, Boris"]
[Result "1/2-1/2"]
[WhiteElo "1998"]
[BlackElo "2170"]
[PlyCount "39"]
[EventDate "2005.09.28"]
[EventType "swiss"]
[EventRounds "11"]
[EventCountry "ITA"]
[SourceTitle "CBM 108 Extra"]
[Source "ChessBase"]
[SourceDate "2005.11.04"]
[SourceVersion "1"]
[SourceVersionDate "2005.11.04"]
[SourceQuality "1"]

1. e4 e6 2. d4 d5 3. Nc3 Nf6 4. Bg5 dxe4 5. Nxe4 Be7 6. Bxf6 gxf6 7. Nf3 b6 8. Bc4 Bb7 9. Qd3 Nd7 10. 0-0-0 f5 11. Ng3 Bd6 12. Nxf5 Bf4+ 13. Kb1 Qf6 14. Ng3 h5 15. Rhe1 0-0-0 16. Ne4 Qf5 17. Ba6 Qa5 18. Bxb7+ Kxb7 19. Qc3 Qd5 20. Qb3 1/2-1/2